Cargo Work for Maritime Operations (Record no. 5568)

000 -LEADER
fixed length control field 00367nam a2200157Ia 4500
008 - FIXED-LENGTH DATA ELEMENTS--GENERAL INFORMATION
fixed length control field 200103s9999||||xx |||||||||||||| ||und||
020 ## - INTERNATIONAL STANDARD BOOK NUMBER
International Standard Book Number 9780750665551
082 ## - DEWEY DECIMAL CLASSIFICATION NUMBER
Classification number Column-14
100 ## - MAIN ENTRY--PERSONAL NAME
Personal name Hause, David J.
245 #0 - TITLE STATEMENT
Title Cargo Work for Maritime Operations
250 ## - EDITION STATEMENT
Edition statement 7th Ed.
260 ## - PUBLICATION, DISTRIBUTION, ETC. (IMPRINT)
Name of publisher, distributor, etc Elsevier
Date of publication, distribution, etc 2005
300 ## - PHYSICAL DESCRIPTION
Extent xx, 323
942 ## - ADDED ENTRY ELEMENTS (KOHA)
Item type Books
Holdings
Withdrawn status Lost status Source of classification or shelving scheme Damaged status Not for loan Permanent location Current location Date acquired Total Checkouts Total Renewals Full call number Barcode Date last seen Date last borrowed Koha item type
          IMU-MPC Library IMU-MPC Library 2020-01-08 4 1 Column-14 MPC4523 2025-03-17 2023-03-14 Books
Copyright © 2021 Indian Maritime University, Mumbai Port Campus. All Rights Reserved. Managed & Maintained by Central Library, IMU-Mumbai

webs counters

Powered by Koha